[Event "GER-ch U18 sf Berlin Online"]
[Site "Playchess.com INT"]
[Date "2020.05.01"]
[Round "8"]
[White "Buchinger, Alexis"]
[Black "Warken, Samuel"]
[Result "1-0"]
[WhiteElo "1620"]
[BlackElo "1620"]
[PlyCount "131"]
[EventDate "2020.05.01"]
[EventType "swiss (blitz)"]
[EventRounds "13"]
[EventCountry "GER"]
[SourceTitle "CBM 195 Extra"]
[Source "ChessBase"]
[SourceDate "2020.05.31"]
[SourceVersion "1"]
[SourceVersionDate "2020.05.31"]
[SourceQuality "1"]

1. d4 d5 2. c4 Nf6 3. Nc3 e6 4. Bg5 Bb4 5. cxd5 Bxc3+ 6. bxc3 exd5 7. g3 h6 8. Bxf6 Qxf6 9. Bg2 Be6 10. Nf3 Nc6 11. Rb1 b6 12. Qa4 Bd7 13. Qb3 a5 14. Qxd5 Qe6 15. Qxe6+ Bxe6 16. Rb2 0-0-0 17. 0-0 Ne7 18. Rd2 Bd5 19. Rfd1 Bxf3 20. Bxf3 Nf5 21. e4 Ne7 22. d5 Rd6 23. e5 Rdd8 24. d6 cxd6 25. exd6 Ng6 26. Bg4+ Kb7 27. Re1 h5 28. Bf5 Rh6 29. Be4+ Kb8 30. d7 Ne5 31. f4 Nxd7 32. Bf5 Rc6 33. Rxd7 Rxd7 34. Bxd7 Rd6 35. Be8 f6 36. Bxh5 Rd2 37. Bf7 Kc7 38. Bb3 Rb2 39. c4 Kc6 40. Rd1 Kc5 41. Rd5+ Kc6 42. Rb5 Rb1+ 43. Kg2 Rb2+ 44. Kh3 a4 45. Bxa4 Rxb5 46. Bxb5+ Kc5 47. a4 Kb4 48. Kg4 Kc3 49. h4 Kb4 50. Kf5 Kc5 51. g4 Kb4 52. g5 Ka5 53. gxf6 Kb4 54. fxg7 Kc5 55. g8Q Kb4 56. Qd5 Ka3 57. c5 bxc5 58. Qxc5+ Kb2 59. Qb6 Kb1 60. Be2+ Kc1 61. Qb3 Kd2 62. Qd3+ Kc1 63. a5 Kb2 64. a6 Ka2 65. a7 Kb2 66. a8Q 1-0

[Event "GER-ch U18 sf Berlin Online"]
[Site "Playchess.com INT"]
[Date "2020.05.01"]
[Round "1"]
[White "Henning, Marvin"]
[Black "Warken, Samuel"]
[Result "1-0"]
[WhiteElo "2188"]
[BlackElo "1620"]
[PlyCount "39"]
[EventDate "2020.05.01"]
[EventType "swiss (blitz)"]
[EventRounds "13"]
[EventCountry "GER"]
[SourceTitle "CBM 195 Extra"]
[Source "ChessBase"]
[SourceDate "2020.05.31"]
[SourceVersion "1"]
[SourceVersionDate "2020.05.31"]
[SourceQuality "1"]

1. e4 e5 2. Nf3 Nc6 3. Bb5 a6 4. Ba4 Bc5 5. Nc3 Bb4 6. Nd5 Bc5 7. c3 Nf6 8. Bb3 d6 9. 0-0 0-0 10. d4 exd4 11. cxd4 Bb4 12. Bg5 h6 13. Bxf6 gxf6 14. Nh4 Be6 15. Qh5 Bxd5 16. Bxd5 Ba5 17. Qg6+ Kh8 18. Qxh6+ Kg8 19. Nf5 Bd2 20. Qg7# 1-0

[Event "GER-ch U18 sf Berlin Online"]
[Site "Playchess.com INT"]
[Date "2020.05.01"]
[Round "3"]
[White "Warken, Samuel"]
[Black "Freier, Lennart Luis"]
[Result "0-1"]
[WhiteElo "1620"]
[BlackElo "1620"]
[PlyCount "44"]
[EventDate "2020.05.01"]
[EventType "swiss (blitz)"]
[EventRounds "13"]
[EventCountry "GER"]
[SourceTitle "CBM 195 Extra"]
[Source "ChessBase"]
[SourceDate "2020.05.31"]
[SourceVersion "1"]
[SourceVersionDate "2020.05.31"]
[SourceQuality "1"]

1. e4 e5 2. Bc4 Nf6 3. Nc3 Bc5 4. f3 Nc6 5. d3 d6 6. Bg5 Bd7 7. Bxf6 Qxf6 8. Nge2 0-0 9. Qd2 Qg6 10. g4 Qf6 11. Rf1 Qh4+ 12. Kd1 Qxh2 13. Bb5 Rae8 14. Nd5 Re6 15. Nxc7 Rh6 16. b4 Bxb4 17. Qe3 Qg2 18. Re1 Rh1 19. Rxh1 Qxh1+ 20. Qg1 Qxg1+ 21. Nxg1 Bc5 22. Nd5 Bxg1 0-1